Nenne die Hauptstädte aller US-Bundesstaaten - Statistiken

Allgemein
  • Dieses Quiz wurde 373 mal gespielt
  • Das Durchschnittsergebnis liegt bei 29 aus 50
Antwortstatistiken
Bundesstaat Hauptstadt % Korrekt
Kalifornien Sacramento
86%
Colorado Denver
83%
Hawaii Honolulu
81%
Massachusetts Boston
80%
Georgia Atlanta
78%
Arizona Phoenix
78%
Oklahoma Oklahoma City
73%
Texas Austin
71%
Indiana Indianapolis
71%
Alaska Juneau
70%
Florida Tallahassee
68%
New York Albany
67%
Utah Salt Lake City
67%
Kentucky Frankfort
63%
Mississippi Jackson
63%
Idaho Boise
62%
Ohio Columbus
62%
Arkansas Little Rock
61%
Illinois Springfield
60%
Tennesse Nashville
59%
North Dakota Bismarck
58%
Washington Olympia
58%
Montana Helena
57%
New Mexico Santa Fe
57%
Louisiana Baton Rouge
56%
Oregon Salem
56%
Iowa Des Moines
54%
North Carolina Raleigh
53%
Nevada Carson City
52%
Deleware Dover
52%
Alabama Montgomery
52%
Minnesota St. Paul
50%
Maryland Annapolis
49%
Maine Augusta
49%
Connecticut Hartford
49%
Nebraska Lincoln
49%
South Carolina Columbia
48%
Michigan Lansing
48%
South Dakota Pierre
48%
Virginia Richmond
48%
Kansas Topeka
48%
Pennsylvania Harrisburg
47%
Rhode Island Providence
47%
Wyoming Cheyenne
46%
Missouri Jefferson City
44%
New Jersey Trenton
42%
West Virginia Charleston
39%
New Hampshire Concord
36%
Wisconsin Madison
36%
Vermont Montpelier
35%
Keine übereinstimmenden Quizze gefunden
Verteilung der Resultate
Anzahl Personen mit jedem Resultat
Perzentil nach korrekt beantworteten Fragen
Ihre Resultats-Entwicklung
Sie haben dieses Quiz noch nicht gespielt